Najdroższy piłkarz z każdego klubu Premier League - styczeń 2026 - Statystyki

Ogólne statystyki
  • Ten quiz został rozwiązany 600 razy
    94 od ostatniego zresetowania
  • Średni wynik to 8 z 20
Statystyki odpowiedzi
KLUB PIŁKARZ % Poprawnych
Manchester City 200 mln Erling Haaland
91%
Arsenal 130 mln Bukayo Saka
90%
Chelsea 120 mln Cole Palmer
84%
Liverpool 120 mln Alexander Isak
76%
Newcastle United 75 mln Bruno Guimarães Sandro Tonali
55%
Manchester United 75 mln Bryan Mbeumo
55%
Aston Villa 70 mln Morgan Rogers
54%
Bournemouth 65 mln Antoine Semenyo
45%
Brentford 35 mln Nathan Collins Kevin Schade Igor Thiago Dango Quattara
41%
Tottenham Hotspur 65 mln Micky van de Ven
37%
West Ham United 35 mln Jarrod Bowen Lucas Paquetá
28%
Nottingham Forest 60 mln Elliot Anderson
23%
Crystal Palace 60 mln Adam Wharton
18%
Brighton 60 mln Carlos Baleba
18%
Everton 45 mln Jarrad Branthwaite Iliman Ndiaye
16%
Wolverhampton 40 mln Jørgen Strand Larsen João Gomes
13%
Leeds United 20 mln Anton Stach Ethan Ampadu Pascal Struijk Wilfried Gnonto
10%
Fulham 30 mln Antonee Robinson Kevin
7%
Sunderland 32 mln Habib Diarra
7%
Burnley 25 mln Maxime Estève Lesley Ugochukwu
7%
Nie znaleziono quizów pasujących do podanych kryteriów
Rozkład punktacji
Procent ludzi z każdym wynikiem
Percentyl według liczby udzielonych odpowiedzi
Twoja historia wyników
Nie rozwiązałeś tego quizu od ostatniego zresetowania